| 000 | 01199nam a2200313 i 4500 | ||
|---|---|---|---|
| 001 | 000044194 | ||
| 003 | DO-SdBNP | ||
| 005 | 20240530073922.0 | ||
| 007 | ta | ||
| 008 | 140609s2010 dr 000 f spa d | ||
| 040 |
_aDO-SdBNP _bspa _cBNPHU _erda |
||
| 082 | 4 |
_aRD863.44 _bF363c _222 |
|
| 100 | 1 |
_aFernández Valledor, Roberto _99834 |
|
| 245 | 1 | 0 |
_aComentarios críticos a la novela el ángel plácido de Manuel Mora Serrano / _cRoberto Fernández Valledor, Giovanni Di Pietro. |
| 264 |
_aSanto Domingo : _bAmidverza, _c2010. |
||
| 300 |
_a31 páginas _c23 cm. |
||
| 336 |
_2rdacontent _atexto _btxt |
||
| 337 |
_2rdamedia _asin mediación _bn |
||
| 338 |
_2rdacarrier _avolumen _bnc |
||
| 500 | _aIncluye referencias bibliográficas y notas al pie de las páginas | ||
| 500 | _aIncluye datos biográficos de los autores en la contracubierta | ||
| 590 | _aInventariado, 2020/DG | ||
| 600 | 1 | 4 |
_aMora Serrano, Manuel, _d1933- _xCrítica e interpretación _972199 |
| 650 | 0 |
_aNovela dominicana _9223 |
|
| 650 | 0 |
_aLiteratura dominicana. _967 |
|
| 700 | 1 |
_a Herrera R., Rafael Darío, _d1955- _q (Herrera Rodríguez), _9306 |
|
| 910 | _aValidado. Control de calidad MFF | ||
| 942 |
_2ddc _cLF2 |
||
| 999 |
_c43683 _d43683 |
||